Star Wars Trivia - Tile Quiz - Rebels Version - Statistics

General Stats
  • This quiz has been taken 154 times
  • The average score is 32 of 45
Answer Stats
Question Tile Select % Correct
planets on which a lightsaber duel takes place in the series Hoth No
92%
characters that are alive at the end of the last season Kanan Jarrus No
86%
characters that are alive at the end of the last season Ahsoka Tano Yes
85%
planets on which a lightsaber duel takes place in the series Kamino No
85%
planets on which a lightsaber duel takes place in the series Lothal Yes
85%
characters that made their first onscreen appearance in a different show/film (chronologically by release date) Ahsoka Tano Yes
84%
characters that are held prisoner by Thrawn Darth Vader No
83%
characters that are alive at the end of the last season Hera Syndulla Yes
83%
characters that are alive at the end of the last season Ezra Bridger Yes
82%
characters that made their first onscreen appearance in a different show/film (chronologically by release date) Chopper No
81%
planets on which a lightsaber duel takes place in the series Mortis No
81%
planets on which a lightsaber duel takes place in the series Tatooine Yes
81%
characters that made their first onscreen appearance in a different show/film (chronologically by release date) Vizago No
81%
characters that are alive at the end of the last season Darth Maul No
80%
Imperial ranks held by characters in the series Grand Admiral Yes
80%
characters that made their first onscreen appearance in a different show/film (chronologically by release date) Captain Rex Yes
79%
characters that are alive at the end of the last season Darth Vader Yes
78%
planets on which a lightsaber duel takes place in the series Malachor Yes
78%
planets on which a lightsaber duel takes place in the series Naboo No
78%
characters that made their first onscreen appearance in a different show/film (chronologically by release date) Ezra Bridger No
76%
Imperial ranks held by characters in the series Admiral Yes
75%
characters that are alive at the end of the last season Governor Pryce No
75%
characters that are alive at the end of the last season Grand Admiral Thrown Yes
74%
planets on which a lightsaber duel takes place in the series Coruscant No
73%
characters that made their first onscreen appearance in a different show/film (chronologically by release date) Saw Gerrera Yes
73%
characters that made their first onscreen appearance in a different show/film (chronologically by release date) Hondo Ohnaka Yes
72%
characters that made their first onscreen appearance in a different show/film (chronologically by release date) Kanan Jarrus No
72%
characters that are held prisoner by Thrawn Ezra Bridger Yes
71%
characters that are held prisoner by Thrawn Hera Syndulla Yes
70%
Imperial ranks held by characters in the series Emperor Yes
68%
characters that are held prisoner by Thrawn Chopper No
67%
characters that are alive at the end of the last season Gregor No
67%
Imperial ranks held by characters in the series Grand Moff Yes
66%
characters that made their first onscreen appearance in a different show/film (chronologically by release date) Gregor Yes
64%
characters that are held prisoner by Thrawn Hera Syndulla Yes
64%
Imperial ranks held by characters in the series Commander Yes
63%
characters that are held prisoner by Thrawn Agent Kallus Yes
62%
Imperial ranks held by characters in the series Corporel No
59%
characters that are held prisoner by Thrawn Zeb Orrelios No
54%
characters that are held prisoner by Thrawn Kanan Jarrus No
53%
Imperial ranks held by characters in the series Sergeant No
53%
planets on which a lightsaber duel takes place in the series Atollon Yes
52%
characters that are held prisoner by Thrawn Sabine Wren No
44%
Imperial ranks held by characters in the series Moff No
41%
Imperial ranks held by characters in the series Colonel Yes
33%
No matching quizzes found
Score Distribution
Percent of People with Each Score
Percentile by Number Answered
Your Score History
You have not taken this quiz